Staaten und Provinzen, welche die Rocky Mountains berühren - Statistiken

Allgemein
  • Dieses Quiz wurde 3.749 mal gespielt
  • Das Durchschnittsergebnis liegt bei 5 aus 8
Antwortstatistiken
Provinz oder Staat % Korrekt
Montana
82%
Colorado
79%
Utah
79%
Idaho
74%
Wyoming
70%
Alberta
48%
British Columbia
44%
New Mexico
42%
Keine übereinstimmenden Quizze gefunden
Verteilung der Resultate
Anzahl Personen mit jedem Resultat
Perzentil nach korrekt beantworteten Fragen
Ihre Resultats-Entwicklung
Sie haben dieses Quiz noch nicht gespielt